Wills : (Record no. 155721)

MARC details
000 -LEADER
fixed length control field 00614nam a22002057a 4500
005 - DATE AND TIME OF LATEST TRANSACTION
control field 20180813172720.0
010 ## - LCCN (DPL NO)
LC control number ENG-123837
020 ## - INTERNATIONAL STANDARD BOOK NUMBER
International Standard Book Number 9788171773367
Terms of availability 875.00
035 ## - SYSTEM CONTROL NUMBER
System control number EN-107369
037 ## - SOURCE OF ACQUISITION
Source of stock number/acquisition DBAD/PUB
082 ## - DEWEY DECIMAL CLASSIFICATION NUMBER
Classification number 346.54054
100 ## - MAIN ENTRY--PERSONAL NAME
Personal name Bag, R.K.
245 ## - TITLE STATEMENT
Title Wills :
Statement of responsibility, etc by R.K. Bag [and] D.P. Dey
Remainder of title law and practice /
260 ## - PUBLICATION, DISTRIBUTION, ETC. (IMPRINT)
Date of publication, distribution, etc 2018
Place of publication, distribution, etc Kolkata
Name of publisher, distributor, etc Eastern Law House Private Ltd.
270 ## - ADDRESS
City Kolkata
Address 54 Ganesh Chunder Avenue,
Postal code 700013
300 ## - PHYSICAL DESCRIPTION
Extent 382p.
Dimensions 22cm.(Hb)
500 ## - GENERAL NOTE
General note It includes appendix and index
700 ## - ADDED ENTRY--PERSONAL NAME
Personal name Dey, D.P.
942 ## - ADDED ENTRY ELEMENTS (KOHA)
Source of classification or shelving scheme Dewey Decimal Classification
Item type English Books
Classification part 346.54054
Call number suffix BAG
Holdings
Withdrawn status Lost status Not for loan Collection code Home library Current library Date acquired Source of acquisition Cost, normal purchase price Full call number Barcode Copy number Cost, replacement price Koha item type
    Not For Loan Non-fiction D.B.Act.Division Bawana 09/08/2018 DBAD/PUB 875.00 346.54054 BAG EN-107369 1 875.00 English Books

© Delhi Public Library
Hit Counter
free hit counter